000 00282nam a2200097Ia 4500
082 _aXHO J 362.1969792 MATH
245 0 _aEyona nyaniso ngesifo sikagawulayo [Xhosa]
100 _a MATHER, Cecile Gallo Manor, 2003
942 _cBK
008 210818s9999 xx 000 0 und d
999 _c433035
_d433035